000 00512nam a2200193 4500
001 000301
003 DO-SdBNP
005 20160623084645.0
007 000301
008 160623b 1985 enk xxu||||| |||| 00| 0 spa d
020 _a 9782715805347
040 _aBPMSU
_bspa
_cBPMSU
092 _axxxxx
_bxxxxx
245 1 0 _aLes jungles pensives :
_broman /
_cMichel Rio.
260 _a[Paris] :
_bBalland,
_c1985.
300 _a169 p.
_c22 cm.
942 _2ddc
_cBK
956 _2LOPEREZ
_310
_620160623
_8BPMSU
_a00041
999 _c10514
_d10514